Evaluación de la nivelación geodésica con antenas GNSS para el enlace de bancos de nivel de líneas costeras de nivelación de larga distancia, caso Quepos -Herradura
שמור ב:
| מחבר ראשי: | |
|---|---|
| מחברים אחרים: | |
| פורמט: | ספר |
| שפה: | Spanish |
| יצא לאור: |
[San José], Costa Rica
2016
|
| נושאים: | |
| תגים: |
הוספת תג
אין תגיות, היה/י הראשונ/ה לתייג את הרשומה!
|
MARC
| LEADER | 00000nam a22000007a 4500 | ||
|---|---|---|---|
| 003 | 012508 | ||
| 005 | 20230807105746.0 | ||
| 008 | 170123b2016 cr a|||| m||| 00| ||spa d | ||
| 040 | |c cru CEDI | ||
| 100 | |9 1032 |a Vega Fernández, Alonso, 1988- | ||
| 245 | |a Evaluación de la nivelación geodésica con antenas GNSS para el enlace de bancos de nivel de líneas costeras de nivelación de larga distancia, caso Quepos -Herradura | ||
| 260 | |a [San José], Costa Rica |c 2016 | ||
| 300 | |a xiii, 94 hojas; ilustraciones a color | ||
| 500 | |a Práctica Dirigida (licenciatura en ingeniería topográfica)--Universidad de Costa Rica. Facultad de Ingeniería. Escuela de Ingeniería Topográfica | ||
| 501 | |a Director de Práctica dirigida de Graduación: M.Sc. Jaime Garbanzo León | ||
| 650 | |x SISTEMA GLOBAL DE POSICIONAMIENTO |x TOPOGRAFIA |x REDES (GEODESIA) |9 6495 | ||
| 700 | |9 56 |a Garbanzo León, Jaime, 1986- |d Director del TFG | ||
| 942 | |c CEDI |h TFG 7659 |6 TFG_7659_000000000000000 | ||
| 999 | |c 17556 |d 17556 | ||
